Stručný slovník ekonomických termínov (slovensko-anglický a anglicko-slovenský)

Guardado en:
Detalles Bibliográficos
Autor principal: Pauleová, Milada
Otros Autores: Böhmerová, Adela, Svierčiková, Daniela
Formato: Libro
Lenguaje:eslovaco
Publicado: Bratislava Iura Edition 2008
Colección:Ekonómia
Materias:
Etiquetas: Agregar Etiqueta
Sin Etiquetas, Sea el primero en etiquetar este registro!

MARC

LEADER 00000nam$a2200000$$$4500
001 0085558
005 20240502071955.8
020 |a 978-80-8078-226-9 
041 0 |a slo 
044 |a SK 
245 1 0 |a Stručný slovník ekonomických termínov  |b (slovensko-anglický a anglicko-slovenský)  |c Milada Pauleová 
264 1 |a Bratislava  |b Iura Edition  |c 2008 
300 |a 232 s. 
490 1 |a Ekonómia 
830 0 |a Ekonómia 
610 2 0 |a terminológia 
610 2 0 |a jazyky cudzie 
610 2 0 |a ekonómia 
100 1 |a Pauleová, Milada 
700 1 |a Böhmerová, Adela 
700 1 |a Svierčiková, Daniela